| 000 | 01388cam a22003737a 4500 | ||
|---|---|---|---|
| 003 | CHAP | ||
| 005 | 20250603095144.0 | ||
| 008 | 041011d2002 mx r 00110 spa d | ||
| 010 | _a88915 | ||
| 011 | _a89887 | ||
| 020 | _a9688847860 | ||
| 035 | _a100438 | ||
| 040 | _cCHAP | ||
| 090 | _aFolleto 16812 | ||
| 100 | 1 | 0 |
_aGarza López, Jesús María _947093 |
| 245 | 1 | 0 |
_aTomate verde : _bfactores que determinan los niveles de productividad y rentabilidad en la región centro de México _c/por Jesús Ma. Garza López |
| 260 |
_aChapingo, Méx. : _bUACH. Centro de Investigaciones Económicas, Sociales y Tecnológicas de la Agroindustria y la Agricultura Mundial, _c2002. |
||
| 300 | _a54 p. | ||
| 410 | 0 | 0 | _aUACH. CIESTAAM |
| 490 | 0 |
_aReporte de investigación _v; 61 |
|
| 590 |
_aBATCH-UPD _b10 _c20130110 _lUCH01 _h0659 |
||
| 590 |
_aBATCH-UPD _b10 _c20130410 _lUCH01 _h0344 |
||
| 590 |
_aBATCH-UPD _b10 _c20130914 _lUCH01 _h1532 |
||
| 590 |
_aCONVERSION _b10 _c20130109 _lUCH01 _h1349 |
||
| 650 | 1 | 4 |
_aTomate verde _xCostos de producción. _9113803 |
| 650 | 1 | 4 |
_aTomate verde _xRendimiento. _9113834 |
| 650 | 1 | 4 |
_aTomate verde _zMéxico. _9113845 |
| 810 | 0 | 0 |
_aUACh. CIESTAAM _9115844 |
| 830 | 0 |
_aReporte de investigación _v; 61 _996000 |
|
| 901 | _aBK | ||
| 905 | _aAlejandra Carrasco M. | ||
| 942 | _cFOLL | ||
| 949 |
_aFolleto 16812 _bBC _cUACH _d33724002000868 _eUACH _i100438 _sb |
||
| 999 |
_c88915 _d88915 |
||